000 00966nam a2200241 i 4500
001 166019
003 ES-MaACL
005 20251005063131.0
008 950111s1840 sp |||| | spa d
040 _aAS
_bspa
100 1 _aTapia, Eugenio de,
_d1776-1860
_9162879
245 1 0 _aHistoria de la civilización española
_b: desde la invasión de los árabes hasta la época presente /
_cpor Eugenio de Tapia.
260 _aMadrid :
_b[s.n.],
_c1840 (
_fImp. de Yenes)
300 _a4 v. ;
_c18 cm.
596 _aEn v. de port. de v. II-III consta: "Se vende en las librerías de Cuesta, Pérez y Ríos"
597 _av. I (286 p.) - v. II (346 p.) - v. III (195 [i.e. 295] p.) - v. IV (403 p.)
597 _aError de pag. en v. III, de p. 294 pasa a p. 195.
650 4 _aEspaña-
_xCivilización.
_9198370
700 1 _aYenes.
_9133988
752 _aEspaña -
_dMadrid
852 _aES-MaACL
_jF-12093-94
_z- Enc. hol.
999 _c166019
_d166019